|
|
|
|
| LEADER |
00000cam a22000004a 4500 |
| 001 |
musev2_29149 |
| 003 |
MdBmJHUP |
| 005 |
20230905043103.0 |
| 006 |
m o d |
| 007 |
cr||||||||nn|n |
| 008 |
140404t20142014wiu o 00 0 eng d |
| 020 |
|
|
|a 9780299299736
|
| 020 |
|
|
|z 9780299299743
|
| 035 |
|
|
|a (OCoLC)875741766
|
| 040 |
|
|
|a MdBmJHUP
|c MdBmJHUP
|
| 245 |
0 |
4 |
|a The Human Rights Paradox :
|b Universality and Its Discontents /
|c edited by Steve J. Stern and Scott Straus.
|
| 264 |
|
1 |
|a Madison, Wisconsin :
|b The University of Wisconsin Press,
|c [2014]
|
| 264 |
|
3 |
|a Baltimore, Md. :
|b Project MUSE,
|c 2014
|
| 264 |
|
4 |
|c ©[2014]
|
| 300 |
|
|
|a 1 online resource (273 pages).
|
| 336 |
|
|
|a text
|b txt
|2 rdacontent
|
| 337 |
|
|
|a computer
|b c
|2 rdamedia
|
| 338 |
|
|
|a online resource
|b cr
|2 rdacarrier
|
| 490 |
0 |
|
|a Critical human rights
|
| 505 |
0 |
|
|a Introduction. Embracing paradox: human rights in a global age / Steve J. Stern and Scott Straus -- Part I. Who makes human rights? -- Human rights history from the ground up: the case of East Timor / Geoff Robinson -- Rights on display: museums and human rights claims / Bridget Conley-Zilkic -- Civilian agency in times of crisis: lessons from Burundi / Meghan Foster Lynch -- Part II. Interrogating classic concepts -- Consulting survivors: evidence from Cambodia, northern Uganda, and other countries affected by mass violence / Patrick Vinck and Phuong Pham -- "Memoria, verdad y justicia": the terrain of post-dictatorship social reconstruction and the struggle for human rights in Argentina / Noa Vaisman -- Rethinking transitional justice: reflections on the paradoxes of accountability efforts in Peru / Jo-Marie Burt -- Part III. New horizons -- The aporias of new technologies for human rights activism / Fuyuki Kurasawa -- The human right to water in rural India: promises and challenges / Philippe Cullet -- A very promising species: from Hobbes to the human right to water / Richard P. Hiskes.
|
| 546 |
|
|
|a English.
|
| 588 |
|
|
|a Description based on print version record.
|
| 650 |
|
7 |
|a Human rights advocacy.
|2 fast
|0 (OCoLC)fst00963343
|
| 650 |
|
7 |
|a Human rights.
|2 fast
|0 (OCoLC)fst00963285
|
| 650 |
|
7 |
|a POLITICAL SCIENCE
|x Political Freedom & Security
|x Human Rights.
|2 bisacsh
|
| 650 |
|
7 |
|a POLITICAL SCIENCE
|x Political Freedom & Security
|x Civil Rights.
|2 bisacsh
|
| 650 |
|
6 |
|a Defense des droits de l'homme.
|
| 650 |
|
6 |
|a Droits de l'homme (Droit international)
|x Histoire.
|
| 650 |
|
6 |
|a Droits de l'homme (Droit international)
|
| 650 |
|
0 |
|a Human rights advocacy.
|
| 650 |
|
0 |
|a Human rights
|x History.
|
| 650 |
|
0 |
|a Human rights.
|
| 655 |
|
7 |
|a History.
|2 fast
|0 (OCoLC)fst01411628
|
| 655 |
|
7 |
|a Electronic books.
|2 local
|
| 700 |
1 |
|
|a Straus, Scott,
|d 1970-
|e editor.
|
| 700 |
1 |
|
|a Stern, Steve J.,
|d 1951-
|e editor.
|
| 710 |
2 |
|
|a Project Muse.
|e distributor
|
| 830 |
|
0 |
|a Book collections on Project MUSE.
|
| 856 |
4 |
0 |
|z Texto completo
|u https://projectmuse.uam.elogim.com/book/29149/
|
| 945 |
|
|
|a Project MUSE - Custom Collection
|
| 945 |
|
|
|a Project MUSE - 2014 Political Science and Policy Studies
|
| 945 |
|
|
|a Project MUSE - 2014 Complete
|